No Lie - Sean Paul Feat. Dua Lipa - All Lyrics - Statistics

General Stats
  • This quiz has been taken 62 times
  • The average score is 446 of 712
Answer Stats
Answer % Correct
I
100%
nah
96%
No
96%
suh
96%
Suh
96%
a
94%
be
94%
gimme
94%
(Gimme
94%
lemme
94%
me
94%
mi
94%
Mi
94%
to
94%
To
94%
do
92%
gwaan
92%
lie,
92%
li-i-ie
92%
li-i-i-ie
92%
ton
92%
tonight
92%
Don't
91%
don't
91%
yo
91%
you
91%
You
91%
yuh
91%
a
89%
it
89%
it,
89%
it's
89%
It's
89%
take
89%
di
87%
gonna
87%
of
87%
shy,
87%
the
87%
control
85%
your
85%
eyes,
83%
Feel
83%
ah
77%
lit
75%
lit,
75%
all
72%
vibe,
72%
they
70%
over
68%
Get
64%
get
64%
girl,
60%
girl)
60%
girl
60%
(Gyal,
60%
Gyal,
60%
gyal,
60%
dat
57%
dat)
57%
that
57%
an'
55%
Bada
53%
so
53%
what
53%
when
53%
Baby
49%
baby,
49%
(Baby
49%
baby
49%
move
49%
Move
49%
Let
47%
let
47%
my
47%
one
47%
Is
43%
is
43%
know
43%
not
43%
want
42%
way
42%
wi
42%
she
40%
another
38%
how
38%
in
38%
(See)
38%
see
38%
some
36%
And
34%
and
34%
like
34%
aim
32%
body,
32%
That's
32%
that's
32%
we
32%
alright,
30%
give
30%
Give
30%
look
30%
pour
30%
would
30%
this
28%
up
28%
up,
28%
acknowledge
26%
but
26%
got
26%
Hypnotic,
26%
hypnotic,
26%
hypnotic
26%
jus
26%
why
26%
good
25%
have
25%
I'm
25%
love
25%
just
21%
roll
21%
wanted
21%
never
19%
scared
19%
Scotty
19%
wid
19%
brain,
17%
every
17%
Hypnotised,
17%
phatness,
17%
piece
17%
Stayin'
17%
ten
17%
Watching
17%
badness,
15%
Beam
15%
deserve
15%
hot
15%
hot)
15%
Hot
15%
miss
15%
miss,
15%
now
15%
under
15%
cap
13%
carry
13%
lovin'
13%
own
13%
dem
11%
game
11%
goddess,
11%
mentals
11%
Mixed
11%
set
11%
Shake
11%
bang,
9%
bang
9%
deh
9%
detach
9%
Mainly
9%
(Memo')
9%
memory
9%
pepper
9%
preferred
9%
Same
9%
Shaped
9%
step
9%
trod
9%
weh
9%
mastered
8%
represent
8%
word
8%
bone
6%
extent
6%
fold
6%
Hoist
6%
hundred
6%
magnificent
6%
percent
6%
styles
6%
bend
4%
fullest
4%
No matching quizzes found
Score Distribution
Percent of People with Each Score
Percentile by Number Answered
Your Score History
You have not taken this quiz